000 00394nam a2200145Ia 4500
041 _aArabic
082 _a210.72 cut-227 س
100 _a20260118u\\\\\\\\\\\y0engy0103\\\\ba
100 _aالسيد سابق
245 0 _aفقه السنة - المجلد العاشر -
250 _aط1
260 _bدار نوبليس
_aبيروت - لبنان
_c2008
300 _a1856
942 _cBk
999 _c190074
_d190074